000
00240nam a2200097Ia 4500
001
688212
005
20250826161610.0
008
250824s9999 xx 000 0 und d
245
0
_a
BALONLA BEŞ HAFTA
_c
JULES VERNE
260
_b
TİMAŞ YAYINLARI
999
_c
688212
_d
688212